Is it in California? Sudden Death & Whammies - Statistics

General Stats
  • This quiz has been taken 33 times
  • The average score is 20 of 22
Answers on the Grid
Answers color-coded by a green-red scale on the quiz's grid according to % correct below.
Death Valley
Stanford University
San Antonio
Guam
Channel Islands National Park
San Francisco
Mojave Desert
Purdue University
Los Angeles
Las Vegas
the Grand Canyon
Sacramento River
Waco
Bakersfield
Joshua Tree National Park
Salt Lake City
Everglades National Park
Golden Gate Bridge
St. Lawrence River
Yosemite National Park
Fresno
Key West
100+ tribes of Native Americans
Hollywood
Redwood National Park
Banff National Park
Berkeley
the San Andreas Fault
United States Naval Academy
San Diego
16 volcanoes
Great Smoky Mountains
Camp Pendleton Marine Corps Base
Santa Monica
Lombard Street
Breckenridge
 
Answer Stats
Answer % Correct
Golden Gate Bridge
100%
Hollywood
100%
Los Angeles
100%
San Diego
100%
San Francisco
100%
Santa Monica
100%
the San Andreas Fault
100%
Fresno
97%
Redwood National Park
97%
Sacramento River
97%
Bakersfield
94%
Berkeley
94%
Mojave Desert
94%
Death Valley
90%
Stanford University
90%
Joshua Tree National Park
87%
Lombard Street
87%
Yosemite National Park
87%
16 volcanoes
84%
Camp Pendleton Marine Corps Base
84%
100+ tribes of Native Americans
81%
Channel Islands National Park
81%
No matching quizzes found
Score Distribution
Percent of People with Each Score
Percentile by Number Answered
Your Score History
You have not taken this quiz